Kedy sú priemyselné parky prínosom
Charakteristika priemyselného parku. Efektívna produkcia, logistické reťazce. Rovnomerný rozvoj. Najďalej v realizácii postúpil projekt na Záhorí s názvom Eurovalley. Reálna alternatíva pri vytváraní pracovných príležitostí v bratislavskom regióne.
Salvato in:
| Autore principale: | |
|---|---|
| Natura: | Capitolo di libro |
| Lingua: | slovacco |
| Soggetti: | |
| Tags: |
Nessun Tag, puoi essere il primo ad aggiungerne!!
|
MARC
| LEADER | 00000naa$a2200000$$$4500 | ||
|---|---|---|---|
| 001 | 0011390 | ||
| 005 | 20231016083408.7 | ||
| 041 | 0 | |a slo | |
| 044 | |a SK | ||
| 245 | 1 | 0 | |a Kedy sú priemyselné parky prínosom |c aut. Michal Hartl |
| 520 | |a Charakteristika priemyselného parku. Efektívna produkcia, logistické reťazce. Rovnomerný rozvoj. Najďalej v realizácii postúpil projekt na Záhorí s názvom Eurovalley. Reálna alternatíva pri vytváraní pracovných príležitostí v bratislavskom regióne. | ||
| 610 | 2 | 0 | |a parky priemyselné |
| 610 | 2 | 0 | |a priemysel |
| 610 | 2 | 0 | |a reštrukturalizácia |
| 610 | 2 | 0 | |a produkcia |
| 610 | 2 | 0 | |a efektívnosť |
| 610 | 2 | 0 | |a miesta pracovné |
| 610 | 2 | 0 | |a Bratislava |
| 610 | 2 | 0 | |a Záhorie |
| 100 | 1 | |a Hartl, Michal | |